| 000 | 00349 a2200157 4500 | ||
|---|---|---|---|
| 001 | 190516 | ||
| 020 | _a978-0-521-78361-3 | ||
| 040 | _cMagnum | ||
| 100 | _aSmith, Bernard | ||
| 240 | 1 | 0 |
_aThe man from nowhere _lING |
| 245 | 1 | 0 | _aThe man from nowhere |
| 300 | _a46 | ||
| 362 | 0 | _a2001 | |
| 697 | _aLITERATURA JUVENIL ESTRANGEIRA | ||
| 942 | _cBK | ||
| 999 |
_c190516 _d190516 |
||